000 00441nam a2200145 a 4500
001 000039555
005 20201002031713.0
008 130708s1992 dr r 000 0 spa d
040 _aDO-SdBNP
_bspa
_cBNPHU
082 _axxxx
_bxxxx
100 1 _aSantos, Luis Manuel,
_d1953-
_965725
245 1 4 _aEn tiempo de fantasmas /
_cLuis Manuel Santos.
260 _aSanto Domingo :
_bI.C.S.A Impresos Computarizados,
_c1992.
300 _a74 p. ;
_c21 cm.
999 _c39045
_d39045